000
00299nam a22001217a 4500
008
160429b xxu||||| |||| 00| 0 eng d
020
_a
9780323016476
020
_a
0323016472
041
_a
eng
080
_a
618.2
245
_a
Medical surgical nursing care:
_c
Pamela L. Swearingen;
942
_2
udc
_c
BK
999
_c
1672
_d
1672